000 00669cam a22002171 4500
001 gs 54000219
003 DLC
005 20260227111401.0
008 770715s1953 tnu s001 0 eng
010 _ags 54000219
035 _a(OCoLC)3118814
040 _aDLC
_cMsSM
_dOCoLC
_dDLC
042 _apremarc
050 0 0 _aQE165
_b.A2 no. 59
100 1 _aWilson, Charles William,
_d1905-
245 1 0 _aAnnotated bibliography of the geology of Tennessee through December 1950.
260 _aNashville,
_c1953.
300 _ax, 308 p.
_bfold. map.
_c23 cm.
410 1 0 _aTennessee.
_bDivision of Geology.
_tBulletin.
_vno. 59
650 0 _aGeology
_zTennessee
_xBibliography
999 _c28869
_d28869